Statistics for Books by Letter C

Click here to take the quiz!

General Stats

  • This quiz has been taken 47 times
  • The average score is 11 of 15

Answer Stats

HintBook% Correct
Ebenezer Scrooge, an elderly miser who is visited by the ghost of his former business partner Jacob Marley and the spirits of Christmas Past, Present and Yet to Come.A Christmas Carol
100%
The story features the adventures of young Charlie Bucket inside the chocolate factory of eccentric chocolatier Willy Wonka.Charlie and the Chocolate Factory
98%
The novel tells the story of a livestock pig named Wilbur and his friendship with a barn spider named Charlotte.Charlotte's Web
98%
A story-telling contest by a group of pilgrims as they travel together from London to Canterbury to visit the shrine of Saint Thomas Becket at Canterbury Cathedral.The Canterbury Tales
98%
Carrie White, an unpopular friendless misfit and bullied high-school girl uses her newly discovered telekinetic powers to exact revenge on those who torment her.Carrie
93%
The story concerns the British secret agent James Bond, gambling at the casino in Royale-les-Eaux to bankrupt Le Chiffre.Casino Royale
93%
The story centers on a tall anthropomorphic cat who wears a red and white-striped hat and a red bow tie.The Cat in the Hat
93%
A satirical war novel by American author Joseph Heller.Catch-22
91%
The novel's protagonist Holden Caulfield has become an icon for teenage rebellion.The Catcher in the Rye
91%
The series is set in the fictional realm of Narnia, a fantasy world of magic, mythical beasts, and talking animals.The Chronicles of Narnia
77%
The teenage protagonist, Alex, narrates his violent exploits and his experiences with state authorities intent on reforming him.A Clockwork Orange
57%
Commander Caractacus Pott is an inventor who buys and renovates an old car after gaining money from inventing and selling whistle-like sweets to Lord Skrumshus.Chitty-Chitty-Bang-Bang
55%
The story opens at a ranch in Santa Clara Valley, California, when Buck is stolen from his home and sold into service as a sled dog in Alaska.The Call of the Wild
45%
The novel is an account of Laurie Lee's childhood in the village of Slad, Gloucestershire, England, in the period soon after the First World War.Cider With Rosie
34%
The fantastical speculative fiction book consists of six interconnected nested stories that take the reader from the remote South Pacific in the nineteenth century to the island of Hawai'i in a distant post-apocalyptic future.Cloud Atlas
16%

Score Distribution

Percentile by Number Answered

Percent of People with Each Score

Your Score History

You have not taken this quiz